produits entre 900 et 1000 - Statistiques

Statistiques générales
  • Ce quiz a été pris 35 fois
    31 depuis la dernière actualisation
  • Le résultat moyen est 43 sur 74
Statistiques - réponses
Hint Réponse % Correct
21 x 43 903
90%
6 x 155 930
90%
5 x 189 945
90%
8 x 114 912
80%
4 x 247 988
80%
4 x 248 992
80%
4 x 228 912
70%
19 x 48 912
70%
6 x 152 912
70%
4 x 232 928
70%
13 x 72 936
70%
4 x 234 936
70%
4 x 237 948
70%
4 x 238 952
70%
7 x 129 903
60%
24 x 38 912
60%
27 x 34 918
60%
8 x 116 928
60%
29 x 32 928
60%
8 x 117 936
60%
12 x 78 936
60%
16 x 59 944
60%
7 x 135 945
60%
14 x 69 966
60%
8 x 121 968
60%
18 x 54 972
60%
4 x 243 972
60%
12 x 81 972
60%
13 x 75 975
60%
15 x 65 975
60%
5 x 195 975
60%
13 x 76 988
60%
19 x 52 988
60%
6 x 166 996
60%
4 x 249 996
60%
22 x 41 902
50%
8 x 113 904
50%
14 x 65 910
50%
16 x 57 912
50%
12 x 76 912
50%
15 x 61 915
50%
18 x 51 918
50%
17 x 54 918
50%
21 x 44 924
50%
12 x 77 924
50%
22 x 42 924
50%
16 x 58 928
50%
7 x 133 931
50%
17 x 55 935
50%
5 x 187 935
50%
24 x 39 936
50%
26 x 36 936
50%
18 x 52 936
50%
4 x 236 944
50%
8 x 118 944
50%
27 x 35 945
50%
6 x 158 948
50%
12 x 79 948
50%
7 x 136 952
50%
28 x 34 952
50%
14 x 68 952
50%
17 x 56 952
50%
15 x 64 960
50%
23 x 42 966
50%
21 x 46 966
50%
7 x 138 966
50%
22 x 44 968
50%
27 x 36 972
50%
25 x 39 975
50%
26 x 38 988
50%
31 x 32 992
50%
8 x 124 992
50%
16 x 62 992
50%
12 x 83 996
50%
Aucun quiz correspondant
Distribution des résultats
% des personnes avec chaque résultat
Percentile par nombre de réponses
Votre historique - résultats
Vous n’avez pas pris ce quiz depuis la dernière actualisation